Dynamics of the chemostat : a bifurcation theory approach /

Bibliographic Details
Main Author: Ajbar, Abdelhamid (Author)
Corporate Author: Taylor & Francis
Other Authors: Alhumaizi, K. (Khalid)
Format: eBook
Language:English
Published: Boca Raton, Fla. : CRC Press, 2012.
Subjects:
Online Access:Connect to the full text of this electronic book

MARC

Tag First Indicator Second Indicator Subfields
LEADER 00000cam a2200000Ii 4500
001 in00004580902
006 m o d
007 cr |n|||||||||
008 180331s2012 fluad ob 001 0 eng d
005 20220613175741.9
020 |a 9780429066047  |q (e-book : PDF) 
020 |z 9781439867143  |q (hardback) 
020 |z 9781138112780  |q (paperback) 
024 7 |a 10.1201/b11073   |2 doi 
035 |a (OCoLC)759037107 
035 |a 9780429066047 
050 4 |a QA380  |b .A33 2012 
082 0 4 |a 515.35  |b A312 
100 1 |a Ajbar, Abdelhamid.,  |e author. 
245 1 0 |a Dynamics of the chemostat :  |b a bifurcation theory approach /  |c Abdelhamid Ajbar, Khalid Alhumaizi. 
264 1 |a Boca Raton, Fla. :  |b CRC Press,  |c 2012. 
300 |a 1 online resource (xiv, 354 pages) 
336 |a text  |b txt  |2 rdacontent 
337 |a computer  |b c  |2 rdamedia 
338 |a online resource  |b cr  |2 rdacarrier 
500 |a A Chapman and Hall book. 
504 |a Includes bibliographical references (pages 323-350) and index. 
505 0 |a 1. Introduction to stability of bioreactors -- 2. Introduction to bioreactors models -- 3. Introduction to stability and bifurcation theory -- 4. The basic model of ideal chemostat -- 5. The chemostat with wall attachment -- 6. Pure and simple microbial competition -- 7. Stability of continuous recombinant DNA cultures -- 8. Biodegradation of mixed substrates -- 9. Predator-prey interactions -- 10. Ratio-dependent models -- 11. Models with product formation -- 12. Models with product formation : type II models -- 13. Models with product formation : type III models -- 14. Operability of nonideal bioreactors -- 15. Operability of prefermentation of cheese culture -- 16. Biodegradation of wastewater -- 17. Dynamics of activated sludge reactors -- 18. Complex dynamics in forced bioreactors. 
650 0 |a Chemostat. 
650 0 |a Bifurcation theory. 
655 7 |a Electronic books.  |2 local 
700 1 |a Alhumaizi, K.  |q (Khalid) 
710 1 |a Taylor & Francis. 
730 0 |a MATHnetBASE. 
776 0 8 |i Print version:   |z 9781439867143  |w (DLC) 2011293641 
856 4 0 |u http://proxy.library.tamu.edu/login?url=https://www.taylorfrancis.com/books/9781439867167  |z Connect to the full text of this electronic book  |t 0 
999 f f |s 1e7722f0-7adb-4930-a0ef-69b3d28034e4  |i 1e7722f0-7adb-4930-a0ef-69b3d28034e4  |t 0 
952 f f |a Texas A&M University  |b College Station  |c Electronic Resources  |d Available Online  |t 0  |e QA380 .A33 2012  |h Library of Congress classification 
998 f f |a QA380 .A33 2012  |t 0  |l Available Online